|
|
|
|
| LEADER |
00000nam a2200000 a 4500 |
| 001 |
vtls001430969 |
| 003 |
SK-MaSNL |
| 005 |
20260301013217.0 |
| 008 |
130607s2002 xo 0 slo |
| 015 |
|
|
|a SNBS2002/02-00728
|
| 035 |
|
|
|a SNK000386003
|
| 040 |
|
|
|a SNK
|b slo
|c SNK
|e AACR2
|
| 044 |
|
|
|a xo
|c SK
|
| 080 |
|
|
|a 657.1:658.114.25:338.512(086.86)
|2 1981
|
| 080 |
|
|
|a 658.114.25
|2 1981
|
| 080 |
|
|
|a 338.512
|2 1981
|
| 240 |
1 |
0 |
|a Daňové a nedaňové náklady
|p Marec 2002
|
| 245 |
1 |
|
|a Daňové a nedaňové náklady
|h elektronický zdroj
|b CD-ROM pre právnické osoby účtujúce v podvojnom účtovníctve : aktuálny stav: Marec 2002
|
| 256 |
|
|
|a Počítačové dáta
|
| 260 |
|
|
|a Bratislava
|b Verlag Dashöfer
|c 2002
|
| 300 |
|
|
|a 1 elektronický optický disk (CD-ROM)
|
| 500 |
|
|
|a Elektronické dokumenty
|
| 650 |
0 |
7 |
|a účtovníctvo podvojné
|x náklady daňové
|x náklady nedaňové
|x dokumenty elektronické
|2 SNK
|9 298498
|
| 655 |
|
7 |
|a elektronické dokumenty
|2 SNK
|9 70518
|
| 730 |
|
|
|t Daňové a nedaňové náklady
|9 298499
|
| 776 |
1 |
|
|a Daňové a nedaňové náklady tlačený text.Marec 2002
|
| 999 |
|
|
|c 555513
|d 557443
|
| 952 |
|
|
|t P60, <03>, [BOOK], {603}
|a SNK
|b SNK
|y PREZ
|7 0
|p 17A0336310
|o snkSCDM 147/2002/3
|i snkJK 172/2002
|0 0
|1 0
|4 0
|d 2002-03-15
|l 0
|r 2005-01-02 00:00:00
|w 2026-02-23
|
| 952 |
|
|
|a SNK
|b SNK
|y PREZ
|7 0
|p 17A0336309
|o snkSCDM 147/2002/3 D1
|i snkJK 173/2002
|0 0
|1 0
|4 0
|d 2002-03-15
|l 0
|r 2005-01-02 00:00:00
|w 2026-02-23
|